EPIC: the Musical - Remember Them - Statistics

General Stats
  • This quiz has been taken 108 times
  • The average score is 332 of 366
Answer Stats
Hint Answer % Correct
the
100%
The
100%
I
98%
I,
98%
in
98%
is
98%
Is
98%
with
98%
a
96%
Eurylochus: Captain...
96%
Captain!
96%
Captain!!
96%
CAPTAIN!!
96%
captain,
96%
Eurylochus: Captain,
96%
do
96%
do?
96%
don't
96%
Polyphemus: Don't
96%
Athena: Don't!
96%
fallen
96%
friend
96%
friends?
96%
have
96%
Athena: Have
96%
He
96%
my
96%
My
96%
Odysseus: No...
96%
Athena: No?
96%
not
96%
our
96%
Odysseus and solders: | Odysseus: | Solders and Odysseus: Remember
96%
them
96%
time
96%
Odysseus: We
96%
we
96%
Odysseus: What
96%
what
96%
When
96%
who
96%
Cyclopes: Who
96%
and
95%
And
95%
be
95%
didn't
95%
For
95%
his
95%
Odysseus: His
95%
If
95%
lotus
95%
must
95%
of
95%
this
95%
This
95%
to
95%
wine
95%
are
93%
Eurylochus: But
93%
die
93%
it
93%
Polyphemus: It
93%
let
93%
me
93%
move
93%
much
93%
notice
93%
quickly,
93%
vain
93%
will
93%
you?
93%
you,
93%
you
93%
your
93%
end
91%
forgotten
91%
go!
91%
go
91%
He's
91%
he's
91%
lessons
91%
Nobody,
91%
Nobody
91%
nobody
91%
on
91%
still
91%
taught
91%
threat
91%
us
91%
was
91%
where
91%
dead
89%
dead,
89%
eye
89%
hurts
89%
Hurts
89%
kill
89%
more
89%
Silent!
89%
Eurylochus: There
89%
Odysseus: Wait...
89%
Odysseus: Wait!
89%
begins
87%
blood
87%
carry
87%
comrades
87%
Odysseus: Hey,
87%
him!
87%
him
87%
mind?
87%
now,
87%
Odysseus: NOW!
87%
ones
87%
please!
87%
should
87%
Use
87%
use
87%
warrior
87%
world
87%
afraid
85%
all
85%
club
85%
could
85%
Cyclops!
85%
fade
85%
Finish
85%
fire
85%
learn
85%
Solders: Let's
85%
Odysseus: Lets
85%
means
85%
mercy
85%
mixed
85%
out
85%
skill
85%
we'll
85%
words
85%
attack
84%
away
84%
beast
84%
body
84%
good
84%
grab
84%
here
84%
Ithaca
84%
killing
84%
king
84%
Mark
84%
need
84%
never
84%
peace
84%
stab
84%
that
84%
am
82%
blind
82%
blocking
82%
dries
82%
foe
82%
giant
82%
how
82%
Im
82%
inner
82%
inside
82%
next
82%
ODYSSEUS!!!
82%
run!
82%
sheep
82%
spare
82%
spear
82%
We're
82%
we're
82%
Were
82%
darkest
80%
getting
80%
gone
80%
gotta
80%
Odysseus: Hide
80%
infamous...
80%
man
80%
met
80%
sharpen
80%
shed,
80%
stuck
80%
those
80%
turn
80%
While
80%
would
80%
choose
78%
dare
78%
fed
78%
hands
78%
moment
78%
mythical
78%
path
78%
who've
78%
neither
76%
swords
76%
nor
75%
sir!
75%
Solders: Yes
75%
flames
71%
led
69%
reigning
69%
stub
69%
what'll
69%
Scatter!
58%
untill
51%
No matching quizzes found
Score Distribution
Percent of People with Each Score
Percentile by Number Answered
Your Score History
You have not taken this quiz